00837 a2200169 45000010006000000050017000060080041000230030015000640400040000790800066001192450029001852640049002143000019002635050353002820410008006351000024006436336620260407155931.0260407a1968 arg spa dAR-UNSa-BCEJYS aAR-UNSa-BCEJYSbspacAR-UNSa-BCEJYS a519.21xTeoría de probabilidades y procesos estocásticos 10aLas estructuras del azar 1aBarcelona :bEdiciones Martínez Rocac1968 a190 p.c18 cm. a1. La geometría del azar – 2. ¿Qué es la probabilidad? – 3. Los principios del cálculo de probabilidades – 4. La esperanza matemática – 5. Probabilidades de las causas – 6. Probabilidades continúas – 7. Los problemas sencillos o curiosos – 8. Las aplicaciones utilitarias – 9. Léxico, bibliografía, ilustraciones –  aspa1 aBoursin, Jean-Louis